Censo de la República de Costa Rica. Censo de Población 1883 /

Guardado en:
Bibliografiske detaljer
Hovedforfatter: Oduber Quirós, Daniel
Autores Corporativos: Presidencia de la República, Costa Rica. Ministerio de Economía, Industria y Comercio
Andre forfattere: Sánchez Mendez, Jorge Carvajal Herrera, Mario
Format: Texto
Udgivet: San José: Dirección General de Estadística y Censos
Fag:
Tags: Tilføj Tag
Ingen Tags, Vær først til at tagge denne postø!

MARC

LEADER 00000 a a2200000 04500
001 26945
003
040
090 |a 1001 C8375c 1883  
100 |a Oduber Quirós, Daniel  
110 |a Presidencia de la República  
245 |a Censo de la República de Costa Rica. Censo de Población 1883 /  |c Presidencia de la República  
260 |a San José:   |b Dirección General de Estadística y Censos  
300 |a 110 p   |b **no definido**  
650 |a CENSOS DE POBLACION  
650 |a ESTADISTICAS DEMOGRAFICAS  
650 |a GANADERIA  
650 |a EXPOSICIONES  
700 |a Sánchez Mendez, Jorge   |a Carvajal Herrera, Mario  
710 |a Costa Rica. Ministerio de Economía, Industria y Comercio  
999 |c 4892  |d 4892